PRINCIPLES OF MICROBIOLOGY (Record no. 216513)

MARC details
000 -LEADER
fixed length control field 00440nam a22001577a 4500
008 - FIXED-LENGTH DATA ELEMENTS--GENERAL INFORMATION
fixed length control field 260203b |||||||| |||| 00| 0 eng d
020 ## - INTERNATIONAL STANDARD BOOK NUMBER
International Standard Book Number ISBN 0-8016-4685-5
050 ## - LIBRARY OF CONGRESS CALL NUMBER
Classification number QR 46 .C35 1985 C.1
100 ## - MAIN ENTRY--PERSONAL NAME
Personal name Alice Lorraine Smith
245 ## - TITLE STATEMENT
Title PRINCIPLES OF MICROBIOLOGY
250 ## - EDITION STATEMENT
Edition statement Tenth Edition
260 ## - PUBLICATION, DISTRIBUTION, ETC.
Place of publication, distribution, etc. St.Louis
Name of publisher, distributor, etc. Times Mirror/Mosby College Publishing
Date of publication, distribution, etc. 1985
300 ## - PHYSICAL DESCRIPTION
Extent 929pages
942 ## - ADDED ENTRY ELEMENTS (KOHA)
Source of classification or shelving scheme Library of Congress Classification
Koha item type Long Loan Book
Holdings
Withdrawn status Lost status Source of classification or shelving scheme Damaged status Not for loan Collection Home library Current library Shelving location Date acquired Inventory number Total checkouts Full call number Barcode Date last seen Date last checked out Price effective from Koha item type
    Library of Congress Classification     Science & Technology Kisii University Library Kisii University Library On Display 02/03/2026 67925 2 QR 46 .C35 1985 033778 03/03/2026 02/17/2026 02/03/2026 Long Loan Book